000
00313nam a22001337a 4500
008
180126b xxu||||| |||| 00| 0 eng d
020
_a
9780077344726
041
_a
eng
080
_a
615
100
_a
5
101
_a
FAR
245
_a
Calculation and administration of medications
_c
Booth,K.A
942
_2
udc
_c
BK
999
_c
41029
_d
41029